Wider inter row spacings for planting rubber (Hevea): A concept for conservation, sustainability and profitability (Record no. 72427)

MARC details
000 -LEADER
fixed length control field 00578nam a2200181Ia 4500
100 ## - MAIN ENTRY--AUTHOR NAME
Personal name Pathiratna L S S
245 #0 - TITLE STATEMENT
Title Wider inter row spacings for planting rubber (Hevea): A concept for conservation, sustainability and profitability
260 ## - PUBLICATION, DISTRIBUTION, ETC. (IMPRINT)
Name of publisher Bulletin of the Rubber Research Institute of Sri Lanka
Year of publication 2007
300 ## - PHYSICAL DESCRIPTION
Number of Pages 15-Aug
650 ## - SUBJECT ADDED ENTRY--TOPICAL TERM
Topical Term Conservation
650 ## - SUBJECT ADDED ENTRY--TOPICAL TERM
Topical Term Inter row spacing
650 ## - SUBJECT ADDED ENTRY--TOPICAL TERM
Topical Term Rubber planting
650 ## - SUBJECT ADDED ENTRY--TOPICAL TERM
Topical Term Sustainability
700 ## - ADDED ENTRY--PERSONAL NAME
Personal name Balasooriya C K
700 ## - ADDED ENTRY--PERSONAL NAME
Personal name Perera M K P
942 ## - ADDED ENTRY ELEMENTS (KOHA)
Koha item type Journals
Holdings
Withdrawn status Lost status Damaged status Not for loan Home library Current library Shelving location Date acquired Serial Enumeration / chronology Koha item type
      Journals RRII Library RRII Library Agronomy 01/05/2008 Volume 48, Issue .. Journals